Diccionario de sinónimos castellanos
Guardado en:
| Autor Principal: | |
|---|---|
| Formato: | Libro |
| Publicado: |
Buenos Aires :
Sopena
|
| Materias: | |
| Etiquetas: |
Agregar Etiqueta
Sin Etiquetas, Sea el primero en etiquetar este registro!
|
| LEADER | 00574nam a22001935a 4500 | ||
|---|---|---|---|
| 001 | CEM.cems012740 | ||
| 005 | 20080626123139.0 | ||
| 008 | 130507b######################000#0#####d | ||
| 003 | CEMS | ||
| 082 | 0 | 4 | |a C464.03 |
| 100 | 1 | |a Grates | |
| 245 | 1 | 0 | |a Diccionario de sinónimos castellanos |
| 260 | |a Buenos Aires : |b Sopena | ||
| 300 | |a 301 p. | ||
| 505 | 0 | |a 120.000 vocablos | |
| 653 | |a Diccionarios | ||
| 653 | |a Sinónimos-diccionario | ||
| 859 | |a CEMS |b BIB. CEMS - 11 de abril |h C464.03 |i G771a18 |p 6283.78 |t Ej.1 | ||
| 859 | |a CEMS |b BIB. CEMS - 11 de abril |h C464.03 |i G771a18 |p 6284.78 |t Ej.2 | ||
